[Event "Spring op"]
[Site "Budapest"]
[Date "1990.??.??"]
[Round "1"]
[White "Cvitan, Ognjen"]
[Black "Mayer, Istvan"]
[Result "1-0"]
[WhiteElo "2525"]
[BlackElo "2235"]

1.Nf3 Nf6 2.c4 g6 3.g3 Bg7 4.Bg2 O-O 5.d4 d5 6.cxd5 Nxd5 7.O-O c6 8.e4 Nb6
9.h3 Na6 10.Nc3 Nc7 11.b3 Ne6 12.Be3 c5 13.dxc5 Bxc3 14.Rc1 Na4 15.bxa4 Bg7
16.Qb3 Qc7 17.Rfd1 Bd7 18.Qb4 Bc6 19.Nd2 Rfd8 20.Nb3 Rxd1+ 21.Rxd1 Rb8 22.Na5 Be8
23.Bf1 Nd8 24.Bf4 e5 25.Be3 Bf8 26.Nc4 Nc6 27.Qb2 Bd7 28.Nd6 Be6 29.Bc4 Bxc4
30.Nxc4 b6 31.cxb6 axb6 32.Qb5 Nd4 33.Bxd4 exd4 34.Rxd4 Bc5 35.Rd3 Rc8 36.Nd2 Qe5
37.Kg2 Qa1 38.Qd7 Rf8 39.Qd5 Qe1 40.Rf3 Kg7 41.Nc4 f6 42.a5 Qb4 43.axb6 f5
44.Rb3  1-0

[Event "Budapest"]
[Site "Budapest"]
[Date "1990.??.??"]
[Round "3"]
[White "Anic, Darko"]
[Black "Loginov, Valery A"]
[Result "0-1"]
[WhiteElo "2405"]
[BlackElo "2505"]

1.Nf3 Nf6 2.c4 g6 3.g3 Bg7 4.Bg2 O-O 5.O-O d6 6.Nc3 e5 7.d4 Nbd7 8.h3 c6
9.e4 Qb6 10.Re1 Re8 11.d5 cxd5 12.cxd5 Nc5 13.Bf1 Bd7 14.Nd2 a5 15.Nc4 Qc7
16.Na3 Rf8 17.Nab5 Qb8 18.Bg2 a4 19.Qe2 Ra5 20.Bd2 Ne8 21.Rab1 f5 22.f3 Nf6
23.b4 axb3 24.axb3 fxe4 25.fxe4 Ncxe4 26.Bxe4 Nxe4 27.Qxe4 Bxb5 28.b4 Ra3
29.Kg2 Qa7 30.Be3 Qa6 31.Rbc1 Bd3 32.Qh4 Bf6 33.Qg4 Bf5 34.Qd1 Qc4 35.Qd2 Qxb4
36.g4 Be4+ 37.Kg1 Bf3 38.Bh6 Rfa8 39.Ne4 Qxd2 40.Nxf6+ Kf7 41.Rc7+ Kxf6 42.Bxd2 Bxd5
43.Rf1+ Ke6 44.Rff7 Rg3+ 45.Kf2 Rg2+ 46.Kf1 Ra1+ 47.Be1 Be4  0-1

[Event "Elekes mem"]
[Site "Budapest"]
[Date "1990.??.??"]
[Round "3"]
[White "Csom, Istvan"]
[Black "Foldi, Istvan"]
[Result "1-0"]
[WhiteElo "2505"]
[BlackElo "2350"]

1.c4 Nf6 2.g3 g6 3.Bg2 Bg7 4.Nf3 O-O 5.O-O d6 6.d4 Nbd7 7.Nc3 e5 8.b3 Re8
9.h3 c6 10.e4 exd4 11.Nxd4 Nc5 12.Re1 d5 13.cxd5 cxd5 14.exd5 Rxe1+ 15.Qxe1 Nfe4
16.Nxe4 Bxd4 17.Bg5 f6 18.Rd1 Nxe4 19.Qxe4 Bxf2+ 20.Kxf2 fxg5 21.d6 Qb6+
22.Rd4 Bd7 23.Qe5 Rf8+ 24.Kg1 Bc6 25.Bf1 Be8 26.d7 Bf7 27.Kh2 Qd8 28.Bg2 b6
29.Rd2 h6 30.Bc6 Kh7 31.Re2 Kg8 32.Qd6 b5 33.Bxb5 Qa5 34.Bc4  1-0

[Event "Budapest IM-B"]
[Site "Budapest"]
[Date "1990.??.??"]
[Round "3"]
[White "Kustar, Sandor"]
[Black "Kende, Gyorgy"]
[Result "1/2-1/2"]
[WhiteElo "2265"]
[BlackElo "2265"]

1.Nf3 Nf6 2.c4 g6 3.g3 Bg7 4.Bg2 O-O 5.d4 d6 6.Nc3 Nc6 7.d5 Na5 8.Nd2 c5
9.O-O a6 10.Rb1 e6 11.b3 exd5 12.cxd5 b5 13.Qc2 Bd7 14.h3 b4 15.Nd1 Bb5 16.Re1 Re8
17.e3 Rc8 18.Nc4 Nxc4 19.bxc4 Bd7 20.Bb2 Rc7 21.e4 Bc8 22.f4 Rce7 23.Nf2 Nh5
24.Bxg7 Nxg7 25.Nd3 h5 26.Kh2 a5 27.Qf2 a4 28.Bf3 Ba6 29.Rbc1 Rb7 30.g4 hxg4
31.hxg4 g5 32.e5 gxf4 33.exd6 Rxe1 34.Rxe1 Qxd6 35.Nxc5 Rc7 36.Nxa6 Rxc4
37.Kg2 Qxa6 38.Be2 f3+ 39.Bxf3 Qd6 40.Be4  1/2-1/2

[Event "Budapest IM-B"]
[Site "Budapest"]
[Date "1990.??.??"]
[Round "5"]
[White "Kustar, Sandor"]
[Black "Popovic, Mladen"]
[Result "0-1"]
[WhiteElo "2265"]
[BlackElo "2275"]

1.Nf3 Nf6 2.c4 g6 3.g3 Bg7 4.Bg2 O-O 5.d4 d6 6.Nc3 c6 7.O-O Bg4 8.h3 Bxf3
9.Bxf3 Nbd7 10.e4 c5 11.d5 a6 12.Bg2 Qa5 13.Bd2 Qc7 14.Qe2 Rfb8 15.a4 Qb6
16.b3 Nh5 17.Rab1 Bd4 18.Kh2 Qd8 19.f4 Qf8 20.g4 Nhf6 21.Qd3 Qg7 22.Ne2 b5
23.Nxd4 cxd4 24.e5 dxe5 25.Bb4 Re8 26.Kh1 a5 27.fxe5 Nxg4 28.hxg4 axb4 29.e6 fxe6
30.dxe6 Ne5 31.Qxd4 Rad8 32.Bd5 bxc4 33.bxc4 Qh6+ 34.Kg2 Qg5 35.Qf4 Qxg4+
36.Qxg4 Nxg4 37.Rf3 Nf6 38.Bc6 Rd2+ 39.Rf2 Rxf2+ 40.Kxf2 Rc8 41.Bb5 Ne4+
42.Ke3 Nc5 43.Rxb4 Kg7 44.Rb1 Kf6 45.Bd7 Rc7 46.Rf1+ Ke5 47.Rf7 Nxe6 48.Rxe7 Kd6
49.Rxe6+ Kxd7 50.Re4 Ra7 51.Rh4 h5 52.c5 Kc6 53.Rc4 Kd5 54.Rc1 Rc7 55.Rg1 Rc6
56.Rg5+ Kc4 57.Ke4 Re6+ 58.Kf4 Kb4 59.Rd5 Rc6 60.a5 Rxc5 61.Rd6 g5+ 62.Kf3 Kxa5
63.Rh6 Rc3+ 64.Ke4 h4 65.Kf5 Rg3  0-1

[Event "Budapest"]
[Site "Budapest"]
[Date "1990.??.??"]
[Round "5"]
[White "Anic, Darko"]
[Black "Filipovic, Branko"]
[Result "1/2-1/2"]
[WhiteElo "2405"]
[BlackElo "2445"]

1.Nf3 Nf6 2.c4 g6 3.g3 Bg7 4.Bg2 O-O 5.O-O d6 6.d4 c5 7.Nc3 Nc6 8.d5 Na5
9.Nd2 a6 10.Qc2 Rb8 11.b3 b5 12.Rb1 e5 13.cxb5 axb5 14.b4 cxb4 15.Rxb4 Bd7
16.Qb1 Qc7 17.Nb3 Qxc3 18.Nxa5 Ra8 19.Nc6 Nxd5 20.Bxd5 Bxc6 21.Bd2 Qxd2 22.Bxc6 Rxa2
23.Bxb5 Ra1 24.Qxa1 Qxb4 25.Qa6 Qc5 26.Bc6 d5 27.Rb1 d4 28.h4 Qd6 29.Rb7 e4
30.Qc4 e3 31.Bd5 exf2+ 32.Kxf2 Be5 33.Rb3 Kg7 34.Qc6 Qe7 35.Rb7 Qa3 36.Bb3 Qd6
37.Qxd6 Bxd6 38.Rd7 Bc5 39.Kf3 h5 40.Bc4 Kf6 41.Kf4 Kg7 42.Kf3  1/2-1/2

[Event "Budapest"]
[Site "Budapest"]
[Date "1990.??.??"]
[Round "6"]
[White "Szekely, Peter"]
[Black "Anic, Darko"]
[Result "1/2-1/2"]
[WhiteElo "2420"]
[BlackElo "2405"]

1.Nf3 Nf6 2.c4 g6 3.g3 Bg7 4.Bg2 O-O 5.d4 d5 6.cxd5 Nxd5 7.O-O Nb6 8.Nc3 Nc6
9.d5 Na5 10.Bf4 Nac4 11.Qc2 e5 12.dxe6 Bxe6 13.Rad1 Qe7 14.Nd4 Bc8 15.Ncb5  1/2-1/2

[Event "Budapest"]
[Site "Budapest"]
[Date "1990.??.??"]
[Round "11"]
[White "Anic, Darko"]
[Black "Lutz, Christopher"]
[Result "1-0"]
[WhiteElo "2405"]
[BlackElo "2420"]

1.Nf3 Nf6 2.c4 g6 3.g3 Bg7 4.Bg2 O-O 5.O-O d6 6.d4 Nbd7 7.Nc3 e5 8.h3 Re8
9.e4 exd4 10.Nxd4 Nc5 11.Re1 Bd7 12.Bf4 a6 13.Rc1 Rb8 14.b4 Ne6 15.Nxe6 Bxe6
16.c5 Nh5 17.Be3 dxc5 18.bxc5  1-0

[Event "Buenos Aires op"]
[Site "Buenos Aires"]
[Date "1990.??.??"]
[Round "1"]
[White "Szmetan, Jorge"]
[Black "Borghi, Humberto"]
[Result "0-1"]
[WhiteElo "2410"]
[BlackElo "2320"]

1.Nf3 Nf6 2.c4 g6 3.g3 Bg7 4.Bg2 O-O 5.O-O d6 6.Nc3 Nc6 7.d4 e5 8.d5 Ne7
9.c5 Ne8 10.cxd6 cxd6 11.e4 f5 12.Qb3 h6 13.exf5 gxf5 14.Nh4 f4 15.Ne4 Nf5
16.Nxf5 Bxf5 17.Qxb7 Rb8 18.Qxa7 Rb4 19.Nc3 Bd3 20.Rd1 Rd4 21.Bh3 Qf6 22.Qd7 Nc7
23.Qg4 h5 24.Qf3 Qg6 25.Rd2 e4 26.Qd1 e3 27.fxe3 fxe3 28.Rg2 Bf1 29.Qe1 Bxg2
30.Bxg2 Re8 31.Ne2 Rg4 32.Nf4 Rxf4 33.gxf4 Nxd5 34.Kh1 Nxf4 35.Bf3 Qf5 36.Bxe3 Nd3
37.Qg3 Rxe3 38.Rf1 Qe5 39.Qg6 Nf4 40.Qg3 h4 41.Qg4 Re1 42.Kg1 Rxf1+ 43.Kxf1 Qb5+
44.Ke1 Qb4+ 45.Kf1 Qc4+ 46.Ke1 Nd3+ 47.Kd2 Qxg4 48.Bxg4 Nxb2 49.Kc2 Kf8 50.Kb3 Ke7
51.a4 Kd8 52.Be2 Kc7 53.h3 Kc6 54.a5 Kc5 55.a6 Kb6 56.Ka3 d5 57.Kb3 Bf6 58.Bf3 Kxa6
59.Bxd5 Kb5 60.Kc2 Kc5 61.Bb7 Bd4 62.Kd2 Kd6 63.Ke2 Ke5 64.Kf3 Nd3 65.Ba6 Ne1+
66.Ke2 Bc3 67.Ke3 Nc2+ 68.Kf3 Nd4+ 69.Kg4 Be1 70.Bb7 Bg3 71.Bg2 Nc2 72.Bb7 Ne1
73.Bc6 Kd4 74.Bb7 Ke3  0-1

[Event "Buenos Aires op"]
[Site "Buenos Aires"]
[Date "1990.??.??"]
[Round "4"]
[White "Szmetan, Jorge"]
[Black "Del Rey, Diego"]
[Result "1-0"]
[WhiteElo "2410"]
[BlackElo "2260"]

1.Nf3 Nf6 2.c4 g6 3.g3 Bg7 4.Bg2 O-O 5.O-O d6 6.d4 c6 7.Nc3 Bf5 8.Nh4 Be6
9.d5 cxd5 10.cxd5 Bd7 11.Be3 a5 12.Bd4 a4 13.e4 Qa5 14.f4 Ng4 15.h3 Bxd4+
16.Qxd4 Nh6 17.e5 Qa7 18.Rad1 Qxd4+ 19.Rxd4 Rd8 20.g4 Kg7 21.exd6 exd6 22.Ne4 Bb5
23.Rf2 Na6 24.g5 Nf5 25.Nxf5+ gxf5 26.Ng3 Bd7 27.h4 h6 28.Bh3 Nc5 29.Bxf5 Bxf5
30.Nxf5+  1-0

[Event "Cannes op"]
[Site "Cannes"]
[Date "1990.??.??"]
[Round "1"]
[White "Foisor, Cristina Adela B"]
[Black "Bourguet, G."]
[Result "1/2-1/2"]
[WhiteElo "2295"]
[BlackElo "2030"]

1.Nf3 Nf6 2.c4 g6 3.g3 Bg7 4.Bg2 O-O 5.O-O c5 6.Nc3 Nc6 7.d4 d6 8.dxc5 dxc5
9.Be3 Be6 10.Bxc5 Qa5 11.Ba3 Bxc4 12.Qa4 Qxa4 13.Nxa4 Rfd8 14.Nc3 Rd7 15.Rfd1 Rad8
16.Rxd7 Rxd7 17.Rc1  1/2-1/2

[Event "Cannes op"]
[Site "Cannes"]
[Date "1990.??.??"]
[Round "3"]
[White "Danailov, Silvio"]
[Black "Blees, Albert"]
[Result "1-0"]
[WhiteElo "2380"]
[BlackElo "2400"]

1.Nf3 Nf6 2.c4 g6 3.g3 Bg7 4.Bg2 O-O 5.O-O d5 6.cxd5 Nxd5 7.d4 Nb6 8.Nc3 Nc6
9.d5 Na5 10.e4 c6 11.Bg5 h6 12.Bf4 cxd5 13.exd5 Nac4 14.Qe2 Bg4 15.h3 Bxf3
16.Bxf3 Rc8 17.d6 e5 18.Bc1 Nxd6 19.Rd1 Qe7 20.Be3 Nf5 21.Bxb6 axb6 22.Bg4 Rfe8
23.Nd5 Qe6 24.Qe4 b5 25.Ne3 Ra8 26.Nxf5 gxf5 27.Bxf5 Qb6 28.Rd7 Ra4 29.Qxb7 Qf6
30.Qxb5 Rea8 31.Qd3 Rxa2 32.Rxa2 Rxa2 33.Bh7+ Kh8 34.Rd8+ Qxd8 35.Qxd8+ Kxh7
36.Qd3+ Kg8 37.b4 Rb2 38.b5 e4 39.Qxe4 Bf8 40.Qd5  1-0

[Event "Cannes op"]
[Site "Cannes"]
[Date "1990.??.??"]
[Round "5"]
[White "Velikov, Petar"]
[Black "Sanchez Almeyra, Jorge"]
[Result "1-0"]
[WhiteElo "2495"]
[BlackElo "2380"]

1.Nf3 Nf6 2.c4 g6 3.g3 Bg7 4.Bg2 O-O 5.O-O d6 6.d4 c6 7.b3 Nbd7 8.Nc3 e5
9.Qc2 Re8 10.Rd1 Qc7 11.e4 a5 12.h3 exd4 13.Nxd4 Nc5 14.Be3 Qe7 15.f3 d5
16.cxd5 cxd5 17.Bg5 Qd6 18.Bxf6 Bxf6 19.Nxd5 Bg7 20.Rac1 Ne6 21.Ne2 Qa6 22.f4 Bd7
23.e5 Bc6 24.Nec3 Rac8 25.Qf2 Rcd8 26.Rd2 b5 27.Rcd1  1-0

[Event "Cannes op"]
[Site "Cannes"]
[Date "1990.??.??"]
[Round "7"]
[White "Kirov, Nino"]
[Black "Sanchez Almeyra, Jorge"]
[Result "1/2-1/2"]
[WhiteElo "2445"]
[BlackElo "2380"]

1.Nf3 Nf6 2.g3 g6 3.Bg2 Bg7 4.c4 O-O 5.d4 d5 6.O-O Nc6 7.cxd5 Nxd5 8.e4 Nb6
9.d5 Na5 10.Na3 c6 11.Qe1 Nac4 12.Nxc4 Nxc4 13.dxc6 bxc6 14.Qb4 Ba6 15.Re1 Rb8
16.Qa4 Qa5 17.Qxa5 Nxa5 18.e5 c5 19.b3 Nc6 20.Ba3 Nb4 21.Bxb4 Rxb4 22.Rac1 c4
23.Nd4 cxb3 24.Nc6 b2 25.Nxb4 bxc1=Q 26.Rxc1 Rc8 27.Nc6 Rc7 28.Rb1 Bb7 29.Nxe7+  1/2-1/2

[Event "Cannes op"]
[Site "Cannes"]
[Date "1990.??.??"]
[Round "9"]
[White "Danailov, Silvio"]
[Black "Badulescu, Cristina"]
[Result "1/2-1/2"]
[WhiteElo "2380"]
[BlackElo "2295"]

1.Nf3 Nf6 2.c4 g6 3.g3 Bg7 4.Bg2 O-O 5.O-O c5 6.d4 cxd4 7.Nxd4 Nc6 8.Nc3 Qb6
9.Nb3 d6 10.Bg5 Be6 11.Nd5 Bxd5 12.cxd5 Na5 13.Be3 Qa6 14.Bd4 Nxb3 15.Qxb3 Qxe2
16.Rae1 Qg4 17.Bxf6 Bxf6 18.Qxb7 Qc4 19.Re4 Qxa2 20.Rb4 a5 21.Rb5 Qc4 22.b3 Qe2
23.Bh3 Bd4 24.Qc6 Qh5 25.Kg2 Qe5 26.Qc4 Bc5 27.Rd1 Rfb8 28.Bd7 Qb2 29.Rf1 Rxb5
30.Bxb5 Rb8 31.Qd3 Kg7 32.Qc4 Qd2 33.h4 h6 34.Kg1 h5 35.Kg2 Qb2 36.Qd3 Qf6
37.Qc4 Qe5 38.Qd3 Qb2 39.Qc4 Qe5 40.Qd3 Rb6 41.Rd1 Qf5 42.Qxf5 gxf5 43.Bc4 Rb4
44.Ra1 Bb6 45.Ra4 Kf6 46.Rxb4 axb4 47.f4 e6 48.Be2 Kg6 49.Bc4 Kf6 50.Be2 Kg6  1/2-1/2

[Event "JUG-chT Cetinje"]
[Site "Cetinje"]
[Date "1990.??.??"]
[Round "2"]
[White "Zarkovic, Jugoslav"]
[Black "Martinovic, Slobodan"]
[Result "1/2-1/2"]
[WhiteElo "2400"]
[BlackElo "2440"]

1.Nf3 Nf6 2.g3 g6 3.Bg2 Bg7 4.c4 O-O 5.d4 c6 6.Nc3 d6 7.O-O Qa5 8.e4 e5 9.h3 Be6
10.d5 cxd5 11.cxd5 Bd7 12.a3 Rc8 13.Be3 Na6 14.b4 Qd8 15.Qd3 Nc7 16.Nd2 Nh5
17.Nc4 Nb5 18.Ne2 Qf8 19.a4 Nc7 20.b5 Ne8 21.b6 a6 22.Na5 Rab8 23.Nxb7 Rxb7
24.Qxa6 Rcb8 25.a5 f5 26.Qd3 f4 27.Bd2 Bf6 28.Rfb1 Bd8 29.Rb4 Ra8 30.Ra3 Bc8
31.Qb3 Rab8 32.g4 Nhf6 33.f3 Nd7 34.Be1 Nxb6 35.a6 Ra7 36.Bf2 Rxa6 37.Rxa6 Bxa6
38.Nc3 Bc4 39.Rxc4 Nd7 40.Qa2 Bb6 41.Bxb6 Rxb6 42.Qa7 Qe7 43.Rc8 Kf8 44.g5 Rb2
45.h4 Nc5 46.Qxe7+ Kxe7 47.Ra8 Rb3 48.Na4  1/2-1/2

[Event "JUG-chT Cetinje"]
[Site "Cetinje"]
[Date "1990.??.??"]
[Round "5"]
[White "Jukic, Mirko"]
[Black "Ivanovic, Bozidar"]
[Result "1/2-1/2"]
[WhiteElo "2430"]
[BlackElo "2520"]

1.Nf3 Nf6 2.c4 g6 3.g3 Bg7 4.Bg2 O-O 5.O-O d6 6.d4 Nbd7 7.Nc3 c6 8.e4 e5
9.b3 Re8 10.h3 Qa5 11.Bd2 Qa6 12.Be3 b5 13.cxb5 cxb5 14.a4 bxa4 15.Rxa4  1/2-1/2

[Event "Copenhagen K41"]
[Site "Copenhagen"]
[Date "1990.??.??"]
[Round "5"]
[White "Sorensen, Torben"]
[Black "Stefansson, Hannes"]
[Result "1/2-1/2"]
[WhiteElo "2300"]
[BlackElo "2420"]

1.Nf3 Nf6 2.c4 g6 3.g3 Bg7 4.Bg2 O-O 5.O-O d6 6.Nc3 c6 7.d3 a6 8.Rb1 b5 9.b3 Qb6
10.Qc2 c5 11.a4 bxc4 12.bxc4 Qc7 13.Bg5 e6 14.Ne5 Ra7 15.Rxb8 Qxb8 16.Nc6 Qc7
17.Nxa7 Qxa7 18.Rb1 Qc7 19.Bd2 Nd7 20.Qa2 f5 21.Qa3 Bf6 22.a5 Ne5 23.Rb6 Nd7
24.Rb1  1/2-1/2

[Event "Copenhagen K41"]
[Site "Copenhagen"]
[Date "1990.??.??"]
[Round "5"]
[White "Pavlovic, Milos"]
[Black "Hvenekilde, Jorgen"]
[Result "1-0"]
[WhiteElo "2420"]
[BlackElo "2285"]

1.c4 Nf6 2.Nf3 g6 3.g3 Bg7 4.Bg2 O-O 5.O-O Nc6 6.d4 d6 7.Nc3 Bf5 8.b3 Ne4
9.Nd5 Qd7 10.Bb2 g5 11.Nd2 Nxd2 12.Qxd2 e6 13.Ne3 e5 14.d5 Ne7 15.f4 gxf4
16.gxf4 Bh3 17.Bxh3 Qxh3 18.fxe5 Bxe5 19.Bxe5 dxe5 20.Rf3 Qh4 21.Raf1 Qd4
22.Qxd4 exd4 23.Nc2 c5 24.e3 dxe3 25.Nxe3 Rad8 26.Ng4 Rd6 27.Nf6+ Kg7 28.Kh1 b6
29.Nxh7  1-0

[Event "Obro-B"]
[Site "Copenhagen"]
[Date "1990.??.??"]
[Round "9"]
[White "Schwartzman, Gabriel"]
[Black "Lokasto, Anatol"]
[Result "1/2-1/2"]
[WhiteElo "2285"]
[BlackElo "2335"]

1.c4 Nf6 2.Nf3 g6 3.g3 Bg7 4.Bg2 O-O 5.O-O d6 6.d4 Nbd7 7.Nc3 e5 8.h3 c6
9.e4 Qb6 10.Re1 exd4 11.Nxd4 Nh5 12.Nf5 gxf5 13.Qxh5 Nf6 14.Qd1 Nxe4 15.Nxe4 fxe4  1/2-1/2

[Event "Dieren op"]
[Site "Dieren"]
[Date "1990.??.??"]
[Round "1"]
[White "Kirov, Nino"]
[Black "Den Boer, Ber"]
[Result "1-0"]
[WhiteElo "2475"]
[BlackElo "2300"]

1.Nf3 Nf6 2.g3 g6 3.Bg2 Bg7 4.c4 O-O 5.d4 d5 6.O-O dxc4 7.Na3 c3 8.bxc3 c5
9.Bb2 Nc6 10.e3 a6 11.Qe2 e5 12.Nxe5 Nxe5 13.dxe5 Ng4 14.f4 f6 15.h3 Nh6
16.exf6 Qxf6 17.g4 Qe7 18.Nc4 Be6 19.Nb6 Rae8 20.c4 Kh8 21.Rab1 Bg8 22.Bxg7+ Qxg7
23.Na4 Qd4 24.exd4 Rxe2 25.dxc5 Bxc4 26.Rfc1 Bxa2 27.Ra1 Bb3 28.Nc3 Rd2 29.Bxb7 Rxf4
30.c6 Rc4 31.Ra3 Nxg4 32.Rxb3 Ne5 33.Rf1 Rd3 34.Bxa6 Rcxc3 35.Rb8+ Kg7 36.Bxd3 Nxd3
37.Rb7+ Kh6 38.c7 Ne5 39.Rf8  1-0

[Event "Dortmund op"]
[Site "Dortmund"]
[Date "1990.??.??"]
[Round "3"]
[White "Hutters, Tomas"]
[Black "Schmidt, Wlodzimierz"]
[Result "1/2-1/2"]
[WhiteElo "2260"]
[BlackElo "2465"]

1.Nf3 Nf6 2.c4 g6 3.g3 Bg7 4.Bg2 O-O 5.O-O d5 6.cxd5 Nxd5 7.d4 Nb6 8.Nc3 Nc6
9.e3 Re8 10.Qe2 e5 11.Nxe5 Nxe5 12.dxe5 Bxe5 13.Rd1 Qe7 14.e4 c6 15.f4 Bg7
16.Be3 Be6 17.Qf2 Nc4 18.Bc5 Qc7 19.f5 Bc8 20.Kh1 b6 21.Bd4 Ne5 22.f6 Bh6
23.h3 Ba6 24.Be3 Bf8 25.Rd4 Rad8 26.Qf4 h6 27.Rad1 g5 28.Qf5 Rxd4 29.Bxd4 Bc8
30.Qf2 Be6 31.Qe2 c5 32.Bf2 Nd7 33.Nd5 Bxd5 34.Rxd5 Nxf6 35.Rf5 Nd7 36.h4 Re5
37.Qg4 Rxf5 38.Qxf5 gxh4 39.gxh4 Bg7 40.b3 Qd6 41.Bf1 Qe6 42.Bg3 Be5 43.Qxe6 fxe6
44.Bb5 Bxg3 45.Bxd7 Kf7 46.h5 Ke7 47.Bb5 Kd6 48.Kg2 Bf4 49.Kf3 Ke5 50.a4 Bc1
51.Bc4 Bg5 52.Ke2  1/2-1/2

[Event "ESP-chT"]
[Site "?"]
[Date "1990.??.??"]
[Round "?"]
[White "Visier Segovia, Fernando"]
[Black "San Claudio, Francisco Javier"]
[Result "1/2-1/2"]
[WhiteElo "2315"]
[BlackElo "2245"]

1.Nf3 Nf6 2.g3 g6 3.Bg2 Bg7 4.c4 O-O 5.Nc3 c6 6.O-O d5 7.cxd5 cxd5 8.d4 Nc6
9.Bf4 Ne4 10.Rc1 Nxc3  1/2-1/2

[Event "Espoo"]
[Site "Espoo"]
[Date "1990.??.??"]
[Round "1"]
[White "Kochyev, Alexander"]
[Black "Konopka, Michal"]
[Result "1/2-1/2"]
[WhiteElo "2450"]
[BlackElo "2400"]

1.Nf3 Nf6 2.g3 g6 3.Bg2 Bg7 4.c4 O-O 5.d4 d5 6.cxd5 Nxd5 7.O-O Nb6 8.Nc3 Nc6
9.Bf4 Nxd4 10.Nxd4 Qxd4 11.Qxd4 Bxd4 12.Nb5 Bxb2 13.Rab1 Bg7 14.Nxc7 Rb8
15.Nd5 e5 16.Ne7+ Kh8 17.Nxc8 Rbxc8 18.Be3 Nc4 19.Rxb7  1/2-1/2

[Event "Espoo"]
[Site "Espoo"]
[Date "1990.??.??"]
[Round "5"]
[White "Konopka, Michal"]
[Black "Westerinen, Heikki MJ"]
[Result "1/2-1/2"]
[WhiteElo "2400"]
[BlackElo "2475"]

1.Nf3 Nf6 2.c4 g6 3.g3 Bg7 4.Bg2 O-O 5.d4 c6 6.O-O d5 7.cxd5 cxd5 8.Ne5 e6
9.Bg5 Qb6 10.Qd2 Nfd7 11.Be3 Nc6 12.Nxc6 bxc6 13.Nc3 a5 14.b3 Ba6 15.Rac1 Qb4
16.Rfd1 Rfc8 17.Na4 Bb5 18.Nc3 Ba6 19.Na4  1/2-1/2

[Event "FIN-chT"]
[Site "?"]
[Date "1990.??.??"]
[Round "?"]
[White "Hakulinen, Esko Matti"]
[Black "Alava, Mikko"]
[Result "1/2-1/2"]
[WhiteElo "2350"]
[BlackElo "2335"]

1.Nf3 Nf6 2.c4 g6 3.g3 Bg7 4.Bg2 O-O 5.O-O d6 6.Nc3 e5 7.d3 Nc6 8.Rb1 a5
9.a3 h6 10.b4 axb4 11.axb4 Be6 12.b5 Ne7 13.Bb2 Qd7 14.Nd2 Rab8 15.Re1 Ng4
16.Ra1 f5 17.Qb3 f4 18.Nde4 fxg3 19.hxg3 b6 20.Ra7 g5 21.e3 Nf5 22.Nd5 Bxd5
23.cxd5 Qf7 24.Bh3 Nxf2 25.Nxf2 Nd4 26.Rf1 Nxb3 27.Be6 Nc5 28.Bxf7+ Rxf7
29.Nd1 Rbf8 30.Rxf7 Rxf7 31.Ra3 e4 32.Bxg7 Kxg7 33.d4 Nd7 34.Nc3 Nf6 35.Ra8 Kg6
36.Rc8 Kh5 37.Kg2 Kg4 38.Rh8 h5 39.Rh6 Kf5 40.Rh8 Rh7 41.Rf8 Kg6 42.Rc8 Rf7
43.Rh8 Kf5 44.Rc8 Ng4 45.Nd1 Kg6 46.Rg8+ Rg7 47.Rh8 Rf7 48.Rg8+ Kf5 49.Rh8 Nf6
50.Nc3 Kg4 51.Rc8 h4 52.gxh4 gxh4 53.Rh8 Rg7 54.Rh6 Kf5+ 55.Kf1 Rh7 56.Rxh7 Nxh7
57.Kg2  1/2-1/2

[Event "FRA-chT"]
[Site "FRA"]
[Date "1990.??.??"]
[Round "?"]
[White "Adrian, Claude"]
[Black "Renet, Olivier"]
[Result "1-0"]
[WhiteElo "2255"]
[BlackElo "2520"]

1.c4 Nf6 2.Nf3 g6 3.g3 Bg7 4.Bg2 O-O 5.d4 d6 6.O-O Nc6 7.d5 Na5 8.Nfd2 c5
9.Nc3 a6 10.Rb1 Rb8 11.b3 b5 12.Bb2 e5 13.e4 Ne8 14.Qc2 f5 15.exf5 gxf5 16.Ne2 b4
17.f4 e4 18.Bxg7 Nxg7 19.Kh1 Nb7 20.Rg1 Qe8 21.Nf1 h5 22.Ne3 Nd8 23.Qb2 Qg6
24.a3 a5 25.axb4 axb4 26.Ra1 Nf7 27.Ra7 Nh6 28.Bh3 Bb7 29.Ng2 Ne8 30.Nh4 Qh7
31.Rga1 Nf6 32.Ng1 Nfg4 33.Bxg4 fxg4 34.Ne2 Nf5 35.Nxf5 Qxf5 36.R1a6 e3 37.Rxd6 Rf7
38.Kg1 Qd3 39.f5 Kh7 40.Ra1 Ra8 41.Rxa8 Bxa8 42.Rd8 Rg7 43.Rxa8 Qd1+ 44.Kg2 Qe1
45.Nf4 h4 46.gxh4 g3 47.Ng6 Rg8 48.Ra3  1-0

[Event "FRA-chT"]
[Site "FRA"]
[Date "1990.??.??"]
[Round "?"]
[White "Adrian, Claude"]
[Black "Vareille, Francois"]
[Result "1-0"]
[WhiteElo "2255"]
[BlackElo "2270"]

1.Nf3 Nf6 2.c4 g6 3.g3 Bg7 4.Bg2 O-O 5.d4 d5 6.cxd5 Nxd5 7.O-O Nb6 8.Nc3 Nc6
9.d5 Na5 10.e4 c6 11.h3 cxd5 12.exd5 h6 13.Re1 Nac4 14.Nd4 e6 15.b3 Na5 16.Ba3 Re8
17.Rc1 Nxd5 18.Nxd5 exd5 19.Rxe8+ Qxe8 20.Bxd5 Qd7 21.Ne2 Nc6 22.Nf4 Qf5
23.Rc5 Bf8 24.Be6 Qf6 25.Bc4 Bf5 26.Nd5 Qd8 27.Qa1 Bg7 28.Bb2 Qf8 29.Rb5 b6
30.g4 Be6 31.Nf6+ Kh8 32.Qc1 Bxc4 33.bxc4 Qe7 34.Nd5 Qg5 35.Bxg7+ Kxg7 36.Qc3+ Qe5
37.Qxe5+ Nxe5 38.c5 bxc5 39.Rxc5 Nf3+ 40.Kg2 Ng5 41.Rc7 a5 42.Nf4 Kg8 43.h4 Ne4
44.h5 Ra6 45.hxg6 fxg6 46.f3 Ng5 47.Kg3 Ne6 48.Nxe6 Rxe6 49.a4 Re5 50.Kf4 Re1
51.Ra7 Ra1 52.Rxa5 Kf7 53.Ra7+ Kf6 54.Ra6+ Kf7 55.a5 Ra2 56.Ra7+ Kf6 57.a6 Ra4+
58.Ke3 g5 59.Ra8 Kg7 60.Kd3 Kh7 61.Kc2 Ra3 62.Kb2 Ra5 63.Kb3 Ra1 64.Kb4 Kg7
65.Kb5 Rb1+ 66.Kc6 Rc1+ 67.Kb7 Rb1+ 68.Ka7 Rb3 69.Rc8 Rxf3 70.Rc7+ Kg6 71.Rc6+ Kg7
72.Kb7 h5 73.a7 Rb3+ 74.Rb6 Ra3 75.gxh5 g4 76.a8=Q  1-0

[Event "Arnold Cup"]
[Site "Gausdal"]
[Date "1990.??.??"]
[Round "8"]
[White "Dahl, Ingrid"]
[Black "McDonald, Neil R"]
[Result "0-1"]
[WhiteElo "2100"]
[BlackElo "2360"]

1.Nf3 Nf6 2.c4 g6 3.g3 Bg7 4.Bg2 O-O 5.O-O d6 6.Nc3 e5 7.d3 Nc6 8.Rb1 a5
9.a3 Nh5 10.b4 axb4 11.axb4 f5 12.Qb3 Kh8 13.c5 f4 14.cxd6 cxd6 15.b5 Ne7
16.Ng5 d5 17.Nh3 Bf5 18.Ba3 f3 19.exf3 Bxd3 20.Nxd5 Bxb1 21.Bxe7 Ba2 22.Qxa2 Rxa2
23.Bxd8 Rxd8 24.f4 Rd2 25.Nc7 R8d7 26.Ne6 exf4 27.Nc5 Re7 28.Nxb7 Bd4 29.gxf4 Bb6
30.Rc1 Rdd7 31.Nc5 Bxc5 32.Rxc5 Rd1+ 33.Bf1 Ree1 34.Rc8+ Kg7 35.Rc7+ Kh6
36.b6 Rxf1+ 37.Kg2 Rfe1 38.b7 Rb1 39.Kf3 Rb3+ 40.Kg4 Reb1 41.Ng5 Rxb7  0-1

[Event "GEO-ch (Women)"]
[Site "?"]
[Date "1990.??.??"]
[Round "6"]
[White "Gurieli, Nino"]
[Black "Arakhamia, Ketevan"]
[Result "1-0"]
[WhiteElo "2340"]
[BlackElo "2385"]

1.c4 Nf6 2.Nf3 g6 3.g3 Bg7 4.Bg2 O-O 5.O-O c5 6.d4 cxd4 7.Nxd4 Nc6 8.Nc2 d6
9.Nc3 Be6 10.Ne3 Qd7 11.Ned5 Bh3 12.Nxf6+ Bxf6 13.Nd5 Bg7 14.Rb1 Bxg2 15.Kxg2 Qf5
16.Qd3 Qxd3 17.exd3 e6 18.Nc3 Rfd8 19.Bg5 Rd7 20.h3 h6 21.Bf4 g5 22.Be3 d5
23.cxd5 exd5 24.Na4 d4 25.Bd2 Ne5 26.Nc5 Rc7 27.Rbc1 Rac8 28.Nxb7 Nxd3 29.Rxc7 Rxc7
30.Nd6 Rc2 31.Ba5 Nxb2 32.Re1 d3 33.Re8+ Kh7 34.Ne4 Nc4 35.Bb4 a5 36.Be1 f5
37.Nc5 d2 38.Bxd2 Nxd2 39.Ne6 Bf6 40.Ra8 Ne4  1-0

[Event "BL2-SW8990"]
[Site "Germany"]
[Date "1990.??.??"]
[Round "?"]
[White "Schulze, Ulrich"]
[Black "Koerholz, Ludger"]
[Result "1/2-1/2"]
[WhiteElo "2380"]
[BlackElo "2255"]

1.Nf3 Nf6 2.g3 g6 3.Bg2 Bg7 4.c4 O-O 5.d4 c5 6.Nc3 d6 7.O-O Nc6 8.d5 Na5
9.Nd2 e5 10.a3 b6 11.b4 Nb7 12.Nb3 Ng4 13.h3 Nh6 14.bxc5 dxc5 15.d6 Rb8 16.Bxh6 Bxh6
17.Nb5 Be6 18.Nxa7 Qxd6 19.Nc6 Rbe8 20.Qc2 Bf5 21.Qd1 Qc7 22.g4 Bd7 23.Qd5 e4
24.Na7 Re5 25.Qd1 Nd6 26.Nb5 Nxb5 27.cxb5 Bxb5 28.a4 Bc6 29.a5 Rd8 30.axb6 Qxb6
31.Ra6 Rxd1 32.Rxb6 Rxf1+ 33.Kxf1 Bd7 34.e3 Bf8 35.Ke2 Ba4 36.Kd2 Rd5+ 37.Kc1 Re5
38.Nd2 f5 39.Bf1 Re7 40.Bc4+ Kg7 41.gxf5 gxf5 42.Nf1 Be8 43.Ng3 Re5 44.Re6 Rxe6
45.Bxe6 Bc6 46.Bxf5 Bd6 47.Nxe4 Bxe4 48.Bxe4 h5 49.Kd2 Kf6 50.f4 Be7 51.Bd5 Kf5
52.Bf3 Bd6  1/2-1/2

[Event "BL2-SW8990"]
[Site "Germany"]
[Date "1990.??.??"]
[Round "?"]
[White "Schulze, Ulrich"]
[Black "Ristic, Nenad"]
[Result "0-1"]
[WhiteElo "2380"]
[BlackElo "2415"]

1.Nf3 Nf6 2.c4 g6 3.g3 Bg7 4.Bg2 O-O 5.d4 c6 6.Nc3 d6 7.O-O Qa5 8.h3 Be6
9.d5 cxd5 10.Nd4 dxc4 11.Bxb7 Nbd7 12.Bxa8 Rxa8 13.Nxe6 fxe6 14.Be3 d5 15.Qd2 Rb8
16.Rfd1 Ne5 17.Bd4 Nc6 18.Bxf6 Bxf6 19.Rab1 Kg7 20.a3 Rb3 21.Kg2 Qb6 22.Rdc1 Qb7
23.Na4 Qb5 24.Nc3 Qb8 25.Na4 Qd6 26.Nc3 Nd4 27.Rd1 Qe5 28.f4 Qb8 29.g4 Nc6
30.Rdc1 h6 31.Na4 Qd6 32.Nc3 g5 33.Rf1 gxf4 34.e3 fxe3 35.Qc2 Qe5 36.Rbe1 d4
37.Ne4 Rd3 38.Nf2 Qd6  0-1

[Event "BL2-SW8990"]
[Site "Germany"]
[Date "1990.??.??"]
[Round "?"]
[White "Schuh, Hubert"]
[Black "Degenhardt, Horst"]
[Result "1/2-1/2"]
[WhiteElo "2375"]
[BlackElo "2350"]

1.Nf3 Nf6 2.c4 g6 3.g3 Bg7 4.Bg2 O-O 5.O-O d6 6.d4 c6 7.Nc3 Qa5 8.h3 e5 9.e4 Nbd7
10.Qc2 b5 11.c5 dxc5 12.dxe5 Ne8 13.Be3 Nc7 14.Ne2 Ne6 15.Nf4 Nxe5 16.Nxe5 Bxe5
17.Nd3 Bd4 18.Bxd4 cxd4 19.f4 Ng7 20.g4 Be6 21.b3 f5 22.Nc5 fxg4 23.Nxe6 Nxe6
24.Qxc6 Qb6 25.Qxb6 axb6 26.f5 gxh3 27.Bxh3 Ng5 28.Bg2 Rae8 29.Rad1 Nxe4
30.fxg6 hxg6 31.Rxd4  1/2-1/2